Formula1 Vincitori Gran Premio Italia - Statistics

Statistiche generali
  • Questo quiz è stato fatto 161 volte
    43 dall'ultimo reset
  • Il punteggio medio è 48 su 76
Statistiche sulle risposte
Anno Risposta Scuderia % Corretto
2018 Lewis Hamilton Mercedes
100%
2017 Lewis Hamilton Mercedes
100%
2015 Lewis Hamilton Mercedes
100%
2014 Lewis Hamilton Mercedes
100%
2012 Lewis Hamilton McLaren
100%
2025 Max Verstappen Red Bull
100%
2023 Max Verstappen Red Bull
100%
2022 Max Verstappen Red Bull
100%
2024 Charles Leclerc Ferrari
98%
2019 Charles Leclerc Ferrari
98%
1992 Ayrton Senna McLaren
95%
1990 Ayrton Senna McLaren
95%
2010 Fernando Alonso Ferrari
95%
2007 Fernando Alonso McLaren
95%
2006 Michael Schumacher Ferrari
95%
2003 Michael Schumacher Ferrari
95%
2000 Michael Schumacher Ferrari
95%
1998 Michael Schumacher Ferrari
95%
1996 Michael Schumacher Ferrari
95%
2013 Sebastian Vettel Red Bull
95%
2011 Sebastian Vettel Red Bull
95%
2008 Sebastian Vettel Toro Rosso
95%
2016 Nico Rosberg Mercedes
93%
2009 Rubens Barrichello Brawn
93%
2004 Rubens Barrichello Ferrari
93%
2002 Rubens Barrichello Ferrari
93%
1989 Alain Prost McLaren
88%
1985 Alain Prost McLaren
88%
1981 Alain Prost Renault
88%
2021 Daniel Ricciardo McLaren
83%
2020 Pierre Gasly Alpha Tauri
79%
1955 Juan Manuel Fangio Mercedes
76%
1954 Juan Manuel Fangio Mercedes
76%
1953 Juan Manuel Fangio Maserati
76%
1984 Niki Lauda McLaren
76%
1978 Niki Lauda Brabham
76%
1952 Alberto Ascari Ferrari
74%
1951 Alberto Ascari Ferrari
74%
1991 Nigel Mansell Williams
74%
1950 Nino Farina Alfa Romeo
69%
1994 Damon Hill Williams
67%
1993 Damon Hill Williams
67%
1962 Graham Hill BRM
67%
1961 Phil Hill Ferrari
67%
1960 Phil Hill Ferrari
67%
1987 Nelson Piquet Williams
64%
1986 Nelson Piquet Williams
64%
1983 Nelson Piquet Brabham
64%
1980 Nelson Piquet Brabham
64%
1972 Emerson Fittipaldi Lotus
60%
1997 David Coulthard McLaren
40%
1979 Jody Scheckter Ferrari
38%
2005 Juan Pablo Montoya McLaren
38%
2001 Juan Pablo Montoya Williams
38%
1969 Jackie Stewart Mantra
36%
1965 Jackie Stewart Mantra
36%
1977 Mario Andretti Lotus
31%
1975 Clay Regazzoni Ferrari
29%
1970 Clay Regazzoni Ferrari
29%
1999 Heinz-Arnald Frentzen Jordan
26%
1963 Jim Clark Lotus
26%
1988 Gerhard Berger Ferrari
24%
1982 René Arnoux Renault
19%
1967 John Surtees Honda
17%
1964 John Surtees Ferrari
17%
1959 Stirling Moss Cooper
17%
1957 Stirling Moss Vanwall
17%
1956 Stirling Moss Maserati
17%
1968 Denny Hulme McLaren
14%
1995 Johnny Herbert Benetton
12%
1966 Ludovico Scarfiotti Ferrari
5%
1976 Ronnie Peterson March
5%
1974 Ronnie Peterson Lotus
5%
1973 Ronnie Peterson Lotus
5%
1971 Peter Gethin BRM
0%
1958 Tony Brooks Vanwall
0%
Nessun quiz corrispondente trovato
Distribuzione punteggi
Percentuale di utenti per punteggio
Percentile per numero di risposta
I tuoi punteggi nel tempo
Non hai fatto questo quiz dall'ultimo reset